[Event "Open Plzen 2017"]
[Site "Plzen"]
[Date "2017.11.19"]
[Round "1"]
[White "Kalveus, Jan"]
[Black "Stella, Andrea"]
[Result "0-1"]
[WhiteElo "1849"]
[BlackElo "2506"]
[PlyCount "48"]
[EventDate "2017.11.19"]

1. d4 e6 2. e4 d5 3. e5 c5 4. c3 Nc6 5. Nf3 Bd7 6. Na3 Nge7 7. Bd3 cxd4 8. cxd4
Ng6 9. Nc2 Be7 10. Bd2 f6 11. Qe2 O-O 12. b4 fxe5 13. Bxg6 hxg6 14. dxe5 a5 15.
b5 Nb4 16. Ncd4 Qb6 17. Be3 Bc5 18. a3 Rxf3 19. Nxf3 Bxb5 20. Bxc5 Qxc5 21.
axb4 Qc3+ 22. Qd2 Qxa1+ 23. Qd1 Qc3+ 24. Qd2 axb4 0-1

[Event "Open Plzen 2017"]
[Site "Plzen"]
[Date "2017.11.19"]
[Round "1"]
[White "Plischki, Sebastian"]
[Black "Prachar, Josef"]
[Result "1-0"]
[WhiteElo "2395"]
[BlackElo "1834"]
[PlyCount "61"]
[EventDate "2017.11.19"]

1. d4 Nf6 2. Bg5 g6 3. Bxf6 exf6 4. e3 Bg7 5. g3 d5 6. Bg2 c6 7. Ne2 O-O 8. Nd2
Nd7 9. O-O f5 10. c4 dxc4 11. Nxc4 Nb6 12. Na5 Nd5 13. Qd2 Qe7 14. a3 Be6 15.
b4 Nb6 16. Nf4 Nc4 17. Nxc4 Bxc4 18. Rfc1 Ba6 19. a4 Rac8 20. Rab1 b6 21. Rxc6
Rxc6 22. Bxc6 Qd6 23. b5 Rd8 24. Qb4 Qxb4 25. Rxb4 Bc8 26. a5 g5 27. axb6 axb6
28. Nd5 Bf8 29. Ra4 Be6 30. Nxb6 Rb8 31. Nd7 1-0

[Event "Open Plzen 2017"]
[Site "Plzen"]
[Date "2017.11.19"]
[Round "1"]
[White "Kalista, Karel"]
[Black "Jurek, Josef"]
[Result "0-1"]
[WhiteElo "1828"]
[BlackElo "2265"]
[PlyCount "158"]
[EventDate "2017.11.19"]

1. d4 {[%emt 0:00:00]} g6 2. c4 Bg7 3. Nc3 c5 4. d5 Bxc3+ 5. bxc3 f5 6. Bf4 d6
7. e3 Nf6 8. h3 Qa5 9. Qc2 Nbd7 10. Nf3 Nb6 11. Bd3 e5 12. dxe6 Bxe6 13. Bxd6
Nxc4 14. Be5 Nxe5 15. Nxe5 O-O 16. O-O Qc7 17. Nf3 Bd5 18. Qe2 Rad8 19. Bc4
Rfe8 20. Rad1 Kg7 21. Bxd5 Nxd5 22. Qc4 Nb6 23. Qe2 Qc6 24. Qc2 Qf6 25. Qb3 h6
26. a4 Qf7 27. Qb5 Qc4 28. Qb2 Qxa4 29. Ra1 Qc6 30. Rxa7 Re7 31. Rb1 Nc4 32.
Qb3 Nd6 33. c4 Qe4 34. Nd2 Qe5 35. Nf3 Qe6 36. Nd2 Red7 37. Qc3+ Qf6 38. Qxf6+
Kxf6 39. Rb6 Ke7 40. Rb2 Ke6 41. Kf1 Nc8 42. Raa2 Re7 43. Ra3 Rd6 44. Rab3 b6
45. Ra3 Kd7 46. Rc2 Kc6 47. Rb2 Rd8 48. Rc2 Nd6 49. Rb2 Rb7 50. Rc2 Re8 51.
Raa2 Rbe7 52. Ra1 Nb7 53. Rb2 Na5 54. Raa2 Rb8 55. Ra1 Kc7 56. Rab1 Nc6 57. Ra1
Kb7 58. Rab1 Nb4 59. Ra1 Rd8 60. Ra3 Red7 61. Ke2 g5 62. g3 Re8 63. Rb1 Kc6 64.
Rb2 Red8 65. Ra1 Kb7 66. Rg1 Ra8 67. f4 Re8 68. fxg5 hxg5 69. Rf1 f4 70. gxf4
gxf4 71. e4 Rg8 72. Kf3 Rf7 73. Rb3 Rd7 74. Rb2 Rd3+ 75. Ke2 Re3+ 76. Kd1 Nd3
77. Rb3 Rd8 78. Rf3 Re1+ 79. Kc2 Rc1# 0-1

[Event "Open Plzen 2017"]
[Site "Plzen"]
[Date "2017.11.19"]
[Round "1"]
[White "Chudinovskikh, Alexander M"]
[Black "Daly, Patrick"]
[Result "1-0"]
[WhiteElo "2219"]
[BlackElo "1793"]
[PlyCount "69"]
[EventDate "2017.11.19"]

1. d4 d5 2. Nf3 Nf6 3. Bf4 c6 4. Nbd2 Bf5 5. c4 e6 6. Qb3 Qb6 7. c5 Qxb3 8.
axb3 Nbd7 9. e3 Be7 10. b4 Nh5 11. b5 Nxf4 12. exf4 O-O 13. b4 Nf6 14. bxc6
bxc6 15. Ne5 Rfc8 16. Ra6 Ne4 17. Nxc6 Bf6 18. Nxe4 Bxe4 19. b5 Rxc6 20. Rxc6
Bxd4 21. f3 Bc2 22. Kd2 Ba4 23. Ra6 Bb3 24. c6 f6 25. Bd3 Kf8 26. Rb1 Bc4 27.
Bxc4 dxc4 28. b6 Bxb6 29. Rbxb6 Rd8+ 30. Kc3 axb6 31. Rxb6 Rc8 32. Kxc4 Rc7 33.
Kc5 Ke7 34. Rb7 Kd8 35. Kd6 1-0

[Event "Open Plzen 2017"]
[Site "Plzen"]
[Date "2017.11.19"]
[Round "1"]
[White "Ilzhoefer, Karl-Heinz"]
[Black "Burnett, Andrew"]
[Result "0-1"]
[WhiteElo "1791"]
[BlackElo "2208"]
[PlyCount "90"]
[EventDate "2017.11.19"]

1. e4 {[%emt 0:00:00]} c5 2. Nf3 d6 3. d4 cxd4 4. Nxd4 Nf6 5. Nc3 Nc6 6. Be2 g6
7. O-O Bg7 8. Be3 O-O 9. h3 d5 10. Nxc6 bxc6 11. e5 Ne4 12. Nxe4 dxe4 13. Bd4
Be6 14. c4 Qc7 15. Qc2 c5 16. Bc3 Bxe5 17. Qxe4 Bxc3 18. bxc3 Rab8 19. Qc2 Qf4
20. Rfe1 Rfd8 21. Rad1 Kg7 22. g3 Qf6 23. Bf1 Rxd1 24. Rxd1 h5 25. h4 Bf5 26.
Bd3 Bg4 27. Re1 Rd8 28. Re3 Bf3 29. Be2 Bc6 30. Qc1 Bb7 31. Qe1 e5 32. Qb1 Qc6
33. f3 Rd2 34. Kf2 f6 35. a4 Ba6 36. Ke1 Rd7 37. Qc2 Qe6 38. f4 Qh3 39. Bf1 Qh1
40. fxe5 fxe5 41. Qe2 Qg1 42. Rf3 Re7 43. Kd2 e4 44. Re3 Rf7 45. Ke1 Rxf1+ 0-1

[Event "Open Plzen 2017"]
[Site "Plzen"]
[Date "2017.11.19"]
[Round "1"]
[White "Eret, Jonas"]
[Black "Berka, Lubos"]
[Result "1-0"]
[WhiteElo "2205"]
[BlackElo "1760"]
[PlyCount "73"]
[EventDate "2017.11.19"]

1. d4 {[%emt 0:00:00]} Nf6 2. Nf3 g6 3. Bf4 Bg7 4. e3 O-O 5. h3 c5 6. c3 Nc6 7.
Nbd2 cxd4 8. exd4 d5 9. Be2 b6 10. O-O e6 11. a4 Bb7 12. Nb3 Ne4 13. a5 Nxa5
14. Nxa5 bxa5 15. Qa4 a6 16. Qxa5 Qc8 17. Qb6 Bf6 18. Bc7 Bd8 19. Bxd8 Rxd8 20.
Ra2 g5 21. Bd3 f6 22. Rfa1 Rd6 23. Qb4 Qc7 24. Qa4 h5 25. Nh2 f5 26. Qd1 g4 27.
f3 g3 28. Nf1 Nf2 29. Qd2 Rd7 30. Bxa6 Rg7 31. Bxb7 Rxa2 32. Rxa2 Qxb7 33. Qh6
Nxh3+ 34. gxh3 g2 35. Ne3 Qb8 36. Qxe6+ Kh8 37. Qe5 1-0

[Event "Open Plzen 2017"]
[Site "Plzen"]
[Date "2017.11.19"]
[Round "1"]
[White "Aird, Ian"]
[Black "Barthel, Ansgar"]
[Result "0-1"]
[WhiteElo "1738"]
[BlackElo "2202"]
[PlyCount "82"]
[EventDate "2017.11.19"]

1. c4 e6 2. Nc3 d5 3. e3 c5 4. d4 Nf6 5. Nf3 Nc6 6. a3 a6 7. dxc5 Bxc5 8. b4
Ba7 9. Bb2 O-O 10. Bd3 Qe7 11. O-O Rd8 12. Qc2 dxc4 13. Bxc4 Bd7 14. Rac1 Rac8
15. Bd3 h6 16. Qb1 e5 17. h3 Be6 18. Ne4 Nd7 19. Ng3 Bb8 20. Nf5 Qf8 21. Rfd1
Nf6 22. Bc2 Rxd1+ 23. Rxd1 Rd8 24. e4 Nh7 25. Qa1 Rxd1+ 26. Qxd1 g6 27. Ne3 Ng5
28. h4 Nxf3+ 29. Qxf3 Nd4 30. Bxd4 exd4 31. Nd5 Qd6 32. Nf6+ Kf8 33. g3 Qc6 34.
Bd1 Qc1 35. Kg2 h5 36. Nh7+ Kg7 37. Ng5 Bc4 38. Be2 Be5 39. Bxc4 Qxc4 40. Qd1
d3 41. Nf3 Qxe4 0-1

[Event "Open Plzen 2017"]
[Site "Plzen"]
[Date "2017.11.19"]
[Round "1"]
[White "Wiley, Thomas"]
[Black "Chudek, Lubomir"]
[Result "1-0"]
[WhiteElo "2117"]
[BlackElo "1731"]
[PlyCount "65"]
[EventDate "2017.11.19"]

1. d4 Nf6 2. Bg5 g6 3. Bxf6 exf6 4. e3 Bg7 5. Ne2 d5 6. g3 O-O 7. Bg2 c6 8. O-O
f5 9. Nd2 Nd7 10. Rc1 Nf6 11. c4 dxc4 12. Nxc4 Be6 13. Nf4 Bd5 14. Nxd5 Nxd5
15. Qb3 Rb8 16. Ne5 Nb6 17. Nd3 Qe7 18. a4 Rfc8 19. Rc2 Qe6 20. Qa3 Bf8 21. Nc5
Bxc5 22. Rxc5 Nd5 23. Rfc1 g5 24. b4 f4 25. e4 Ne7 26. Rxg5+ Ng6 27. gxf4 Qf6
28. Qe3 Kh8 29. f5 Nh4 30. e5 Nxg2 31. Kxg2 Qe7 32. f6 Qxb4 33. Rg7 1-0

[Event "Open Plzen 2017"]
[Site "Plzen"]
[Date "2017.11.19"]
[Round "1"]
[White "Leseticky, Vladimir"]
[Black "Csiki, Endre"]
[Result "0-1"]
[WhiteElo "1720"]
[BlackElo "2084"]
[PlyCount "52"]
[EventDate "2017.11.19"]

1. e4 {[%emt 0:00:00]} e6 2. c4 d5 3. exd5 exd5 4. d4 Nf6 5. Nf3 Bb4+ 6. Bd2
Bxd2+ 7. Nbxd2 O-O 8. Be2 dxc4 9. Nxc4 Nbd7 10. O-O Nb6 11. Nce5 Nfd5 12. Nd3
c6 13. Rc1 Bf5 14. Qd2 Qc7 15. Qg5 Bg6 16. Qd2 Rad8 17. Nde5 Bh5 18. Bd3 f6 19.
Qc2 g6 20. g4 fxe5 21. Nxe5 Bxg4 22. Nxg4 Qf4 23. Ne5 Qxd4 24. Bxg6 Qxe5 25.
Bxh7+ Kh8 26. Kh1 Nf6 0-1

[Event "Open Plzen 2017"]
[Site "Plzen"]
[Date "2017.11.19"]
[Round "1"]
[White "Kopriva, Martin"]
[Black "Macho, Miloslav"]
[Result "1-0"]
[WhiteElo "2084"]
[BlackElo "1720"]
[PlyCount "89"]
[EventDate "2017.11.19"]

1. d4 {[%emt 0:00:00]} c5 2. e4 cxd4 3. Nf3 Nc6 4. c3 d3 5. Bxd3 g6 6. O-O Bg7
7. Qe2 Nf6 8. Bf4 O-O 9. a4 d6 10. h3 Nh5 11. Bh2 Bh6 12. Na3 Nf4 13. Bxf4 Bxf4
14. g3 Bh6 15. Kg2 Bg7 16. Nc4 Qc7 17. Ne3 Qd7 18. Ng1 Qd8 19. f4 Bh6 20. g4 e5
21. f5 Bxe3 22. Qxe3 gxf5 23. gxf5 Qf6 24. Nf3 Kh8 25. Kh2 Bd7 26. Bc4 Rg8 27.
Rg1 Rxg1 28. Rxg1 Rg8 29. Ng5 Be8 30. Qg3 h6 31. Nh7 Rxg3 32. Nxf6 Rxg1 33.
Kxg1 Na5 34. Nxe8 Nxc4 35. b3 Nd2 36. Nxd6 Kg7 37. b4 b6 38. Kf2 Kf6 39. Ke2
Nb1 40. Kd3 Na3 41. h4 a6 42. Nc4 Nxc4 43. Kxc4 Ke7 44. Kd5 f6 45. Kc6 1-0

[Event "Open Plzen 2017"]
[Site "Plzen"]
[Date "2017.11.19"]
[Round "1"]
[White "Brhlik, Antonin"]
[Black "Stock, Andreas"]
[Result "0-1"]
[WhiteElo "1707"]
[BlackElo "2051"]
[PlyCount "48"]
[EventDate "2017.11.19"]

1. e4 {[%emt 0:00:00]} c5 2. Nf3 Nc6 3. d4 cxd4 4. Nxd4 g6 5. Nc3 Bg7 6. Be3
Nf6 7. Bc4 O-O 8. Bb3 a5 9. a4 Ng4 10. Qxg4 Nxd4 11. Qd1 Nxb3 12. cxb3 d6 13.
Qd2 Be6 14. Nd5 Bxd5 15. exd5 Rb8 16. b4 axb4 17. Qxb4 Qd7 18. O-O e5 19. dxe6
fxe6 20. Rac1 d5 21. Rfd1 Rbc8 22. Bd4 Rxc1 23. Rxc1 Rf4 24. Rd1 e5 0-1

[Event "Open Plzen 2017"]
[Site "Plzen"]
[Date "2017.11.19"]
[Round "1"]
[White "Hajek, Jiri"]
[Black "Skurniak, Szymon"]
[Result "1-0"]
[WhiteElo "2042"]
[BlackElo "1702"]
[PlyCount "55"]
[EventDate "2017.11.19"]

1. e4 {[%emt 0:00:00]} c5 2. Nf3 e6 3. b3 d6 4. Bb2 Nf6 5. e5 dxe5 6. Nxe5 Nbd7
7. Bd3 Nxe5 8. Bxe5 Bd6 9. Bxd6 Qxd6 10. O-O Bd7 11. Nc3 Bc6 12. Qe2 h5 13. Ne4
Bxe4 14. Bxe4 O-O-O 15. Rfd1 Ng4 16. g3 f5 17. Bf3 e5 18. d3 Qd4 19. c3 Qxc3
20. Rac1 Qd4 21. Rc4 Qd6 22. b4 Qe6 23. Rb1 Rhe8 24. bxc5 Re7 25. Rcb4 Rdd7 26.
c6 bxc6 27. Qb2 Rxd3 28. Rb8+ 1-0

[Event "Open Plzen 2017"]
[Site "Plzen"]
[Date "2017.11.19"]
[Round "1"]
[White "Nechutny, Michal"]
[Black "Kubat, Miroslav"]
[Result "1/2-1/2"]
[WhiteElo "1674"]
[BlackElo "2002"]
[PlyCount "77"]
[EventDate "2017.11.19"]

1. e4 c5 2. c3 Nf6 3. e5 Nd5 4. d4 cxd4 5. cxd4 e6 6. Nf3 d6 7. Bc4 Nb6 8. Bb3
dxe5 9. dxe5 Qxd1+ 10. Bxd1 Bd7 11. Nc3 Bb4 12. Bd2 Nc4 13. a3 Nxd2 14. Nxd2
Bxc3 15. bxc3 Bc6 16. Bf3 O-O 17. O-O Bxf3 18. Nxf3 Nc6 19. Rfd1 Rad8 20. h3 h6
21. Rab1 Rxd1+ 22. Rxd1 Rd8 23. Rxd8+ Nxd8 24. Nd4 Kf8 25. f4 Ke7 26. Kf2 f6
27. Ke3 fxe5 28. fxe5 Kd7 29. Kd3 Nc6 30. Nxc6 Kxc6 31. Kc4 b6 32. Kd4 Kb5 33.
c4+ Ka4 34. c5 Kb5 35. a4+ Kc6 36. cxb6 Kxb6 37. Kc4 Kc6 38. Kd4 Kb6 39. Kc4
1/2-1/2

[Event "Open Plzen 2017"]
[Site "Plzen"]
[Date "2017.11.19"]
[Round "1"]
[White "Vlk, Miloslav"]
[Black "Spreer, Lutz"]
[Result "1-0"]
[WhiteElo "2000"]
[BlackElo "1666"]
[PlyCount "61"]
[EventDate "2017.11.19"]

1. c4 b6 2. d4 e6 3. Nc3 Bb7 4. e4 Bb4 5. Bd3 f5 6. Qe2 Qh4 7. g3 Qf6 8. Nf3
Ne7 9. a3 Bxc3+ 10. bxc3 O-O 11. Bg5 Qf7 12. Nd2 Ng6 13. O-O h6 14. Be3 f4 15.
Bxf4 Nxf4 16. gxf4 Qxf4 17. Qe3 Qh4 18. Qg3 Qh5 19. e5 Na6 20. Rae1 Qf7 21. Bc2
Qe7 22. Qg6 Rf4 23. Re3 h5 24. Rg3 Rg4 25. Qh7+ Kf8 26. Qh8+ Kf7 27. Qxh5+ Kf8
28. Rxg4 Qf7 29. Bg6 Qg8 30. Rf4+ Qf7 31. Rxf7+ 1-0

[Event "Open Plzen 2017"]
[Site "Plzen"]
[Date "2017.11.19"]
[Round "1"]
[White "Ornet, Tomas"]
[Black "Malinovsky, Petr"]
[Result "1/2-1/2"]
[WhiteElo "1637"]
[BlackElo "1996"]
[PlyCount "51"]
[EventDate "2017.11.19"]

1. e4 {[%emt 0:00:00]} c5 2. Bc4 e6 3. d3 d5 4. exd5 exd5 5. Qe2+ Be7 6. Bb5+
Nd7 7. Bxd7+ Bxd7 8. Bg5 f6 9. Bf4 Qb6 10. b3 Qe6 11. Nc3 g5 12. Bg3 Qxe2+ 13.
Ngxe2 Bc6 14. O-O h5 15. f4 h4 16. Bf2 d4 17. Ne4 O-O-O 18. fxg5 f5 19. Nf6
Nxf6 20. gxf6 Bxf6 21. g3 Rd5 22. Be1 hxg3 23. Bxg3 Bg5 24. Rae1 f4 25. Nxf4
Bxf4 26. Bxf4 1/2-1/2

[Event "Open Plzen 2017"]
[Site "Plzen"]
[Date "2017.11.19"]
[Round "1"]
[White "Belus, Benjamin"]
[Black "Griec, Milan"]
[Result "1-0"]
[WhiteElo "1953"]
[BlackElo "1609"]
[PlyCount "61"]
[EventDate "2017.11.19"]

1. Nf3 {[%emt 0:00:00]} d5 2. g3 e6 3. Bg2 Nf6 4. O-O Be7 5. c4 Nc6 6. cxd5
exd5 7. b3 O-O 8. Bb2 Re8 9. Na3 a6 10. Rc1 Bxa3 11. Bxa3 Ne5 12. Nxe5 Rxe5 13.
f4 Re8 14. f5 c6 15. Kh1 Re5 16. Bh3 d4 17. g4 Ne4 18. Qe1 Bd7 19. e3 dxe3 20.
Qxe3 Qe8 21. Bb2 Rd5 22. d3 Nd6 23. Qg5 Qf8 24. Bg2 Rb5 25. Qf4 Nc8 26. Qd4 Be8
27. Rfe1 f6 28. Re3 Bf7 29. Rce1 Rb4 30. Qd7 Rxg4 31. Re8 1-0

[Event "Open Plzen 2017"]
[Site "Plzen"]
[Date "2017.11.19"]
[Round "1"]
[White "Krisman, Ondrej"]
[Black "Ryabov, Igor"]
[Result "0-1"]
[WhiteElo "1590"]
[BlackElo "1952"]
[PlyCount "50"]
[EventDate "2017.11.19"]

1. e4 {[%emt 0:00:00]} c5 2. Nf3 a6 3. d4 cxd4 4. Nxd4 e5 5. Nb3 Nf6 6. Nc3 Bb4
7. Bd2 O-O 8. Qf3 d5 9. Nxd5 Nxd5 10. c3 Bxc3 11. Bxc3 Nxc3 12. Qxc3 Nc6 13.
Bc4 Qe7 14. O-O Bg4 15. Nc5 Rac8 16. Qe3 Nd4 17. b4 Nc2 18. Qg3 Nxa1 19. Qxg4
Nc2 20. Qe2 Nxb4 21. a3 Qxc5 22. Rc1 Qe7 23. axb4 b5 24. Bxf7+ Qxf7 25. Ra1 Rc4
0-1

[Event "Open Plzen 2017"]
[Site "Plzen"]
[Date "2017.11.19"]
[Round "1"]
[White "Basson, Heinrich"]
[Black "Zoubek, Vladimir"]
[Result "1-0"]
[WhiteElo "1939"]
[BlackElo "1543"]
[PlyCount "107"]
[EventDate "2017.11.19"]

1. d4 {[%emt 0:00:00]} d5 2. c4 c6 3. Nc3 dxc4 4. a4 Nf6 5. e3 e6 6. Bxc4 Bb4
7. Nge2 O-O 8. O-O Nbd7 9. e4 Nb6 10. Bd3 Re8 11. e5 Nfd5 12. Bc2 Nd7 13. Qd3
Nf8 14. Qg3 Be7 15. Ne4 Ng6 16. Rd1 b6 17. Bd2 a5 18. Rac1 Bd7 19. Bb3 Rf8 20.
f4 Rc8 21. Rf1 Nh4 22. Bc2 Nf5 23. Qh3 Bb4 24. Bxb4 Nxb4 25. Bb1 Be8 26. Nd6
Rc7 27. Nxf5 exf5 28. Qxf5 g6 29. Qe4 f5 30. Qe3 Qd5 31. Nc3 Qf7 32. Rfd1 Nd5
33. Nxd5 cxd5 34. Qb3 Rxc1 35. Rxc1 Kg7 36. Qxb6 Qg8 37. Rc7+ Kh6 38. Qxa5 Bf7
39. Qc3 Re8 40. b4 Kg7 41. Ba2 Rd8 42. b5 h5 43. b6 Kh6 44. a5 Be6 45. a6 Rc8
46. b7 Qd8 47. bxc8=Q Bxc8 48. Rxc8 Qb6 49. Rc6 Qb5 50. a7 Qa4 51. Bxd5 Qd1+
52. Kf2 Qa4 53. Rc7 h4 54. a8=Q 1-0

[Event "Open Plzen 2017"]
[Site "Plzen"]
[Date "2017.11.19"]
[Round "1"]
[White "Kotesovec, Jaroslav"]
[Black "Hodan, Jiri"]
[Result "0-1"]
[WhiteElo "1502"]
[BlackElo "1917"]
[PlyCount "46"]
[EventDate "2017.11.19"]

1. e4 {[%emt 0:00:00]} e5 2. Nf3 Nc6 3. Bb5 Nf6 4. O-O Nxe4 5. Re1 Nd6 6. Bxc6
dxc6 7. Nxe5 Be6 8. d3 Be7 9. Nd2 O-O 10. Ndf3 Nf5 11. a3 c5 12. c3 Re8 13. d4
cxd4 14. Nxd4 Nxd4 15. Qxd4 Qxd4 16. cxd4 Rad8 17. Be3 f6 18. Nd3 Bd6 19. Rad1
g5 20. f3 Bc4 21. Nc5 Bxc5 22. Rc1 Bxd4 23. Bxd4 Rxe1+ 0-1

[Event "Open Plzen 2017"]
[Site "Plzen"]
[Date "2017.11.20"]
[Round "2"]
[White "Stella, Andrea"]
[Black "Vlk, Miloslav"]
[Result "1-0"]
[WhiteElo "2506"]
[BlackElo "2000"]
[PlyCount "91"]
[EventDate "2017.11.19"]

1. Nf3 d5 2. c4 c6 3. d4 Nf6 4. g3 dxc4 5. Bg2 b5 6. Ne5 Bb7 7. O-O e6 8. a4
Qc8 9. b3 cxb3 10. Qxb3 b4 11. Bb2 Be7 12. a5 O-O 13. Rc1 Qc7 14. Nd2 Rc8 15.
a6 Nxa6 16. Nxc6 Qd7 17. Qf3 Nd5 18. Ne5 Qe8 19. Ndc4 Rab8 20. Na5 Rxc1+ 21.
Rxc1 Ba8 22. Nac6 Bxc6 23. Nxc6 Ra8 24. Qd3 Nac7 25. e4 Nb6 26. d5 exd5 27.
exd5 Bd6 28. Qd4 f6 29. Nxa7 Na4 30. Nc6 Nb5 31. Qd3 Nbc3 32. Bxc3 Nxc3 33. Bf3
Ra2 34. Kg2 Bc5 35. Rf1 Qd7 36. Qc4 Qd6 37. Qg4 Rd2 38. Qc8+ Kf7 39. Nd8+ Ke7
40. Re1+ Ne2 41. Nb7 Qe5 42. Qxc5+ Kf7 43. Nd6+ Kg6 44. Qxb4 Nf4+ 45. Qxf4 Qxe1
46. Qf5+ 1-0

[Event "Open Plzen 2017"]
[Site "Plzen"]
[Date "2017.11.20"]
[Round "2"]
[White "Ryabov, Igor"]
[Black "Plischki, Sebastian"]
[Result "0-1"]
[WhiteElo "1952"]
[BlackElo "2395"]
[PlyCount "70"]
[EventDate "2017.11.19"]

1. e4 c5 2. Nf3 e6 3. Qe2 Nc6 4. c3 d5 5. d3 d4 6. g3 e5 7. Bg2 Bg4 8. Nbd2 f6
9. h3 Be6 10. c4 Qd7 11. Nh2 Bd6 12. O-O O-O-O 13. h4 Nge7 14. a3 g5 15. h5
Rhg8 16. g4 Kc7 17. b4 cxb4 18. axb4 Bxb4 19. Nb3 b6 20. Ba3 Ra8 21. Rfc1 a5
22. Bxb4 Nxb4 23. Ra3 Nec6 24. c5 b5 25. Na1 Rgb8 26. Qf3 Qf7 27. Nf1 Na2 28.
Rc2 b4 29. Rcxa2 Bxa2 30. Rxa2 Qxa2 31. Qxf6 Rd8 32. Kh2 Qxa1 33. Nd2 Qc1 34.
Qg7+ Rd7 35. Qxg5 b3 0-1

[Event "Open Plzen 2017"]
[Site "Plzen"]
[Date "2017.11.20"]
[Round "2"]
[White "Jurek, Josef"]
[Black "Belus, Benjamin"]
[Result "1/2-1/2"]
[WhiteElo "2265"]
[BlackElo "1953"]
[PlyCount "140"]
[EventDate "2017.11.19"]

1. d4 {[%emt 0:00:00]} d5 2. c4 e6 3. Nc3 Nf6 4. Bg5 Be7 5. Nf3 Nbd7 6. e3 h6
7. Bh4 O-O 8. Rc1 c5 9. cxd5 Nxd5 10. Bxe7 Nxe7 11. Bb5 cxd4 12. Qxd4 Nf6 13.
Qa4 Ned5 14. O-O Nxc3 15. Rxc3 Bd7 16. Bxd7 Nxd7 17. Qb5 Nb6 18. Rfc1 Qd6 19.
g3 a6 20. Qb3 Nd5 21. Rc4 b5 22. Rd4 Qe7 23. e4 Nb6 24. Qd1 Rad8 25. b3 Rxd4
26. Qxd4 Rc8 27. Rd1 Qc7 28. Kg2 a5 29. Ne5 f6 30. Ng6 Kf7 31. Nh4 Ke8 32. Qd3
Qc6 33. Qf3 Kf7 34. Qh5+ Kg8 35. Qe2 a4 36. Nf3 axb3 37. axb3 f5 38. Nd4 Qxe4+
39. Qxe4 fxe4 40. Nxb5 Rc5 41. Rd8+ Kf7 42. Nd6+ Ke7 43. Nxe4 Re5 44. Rd4 Rb5
45. Rd3 Nd7 46. Rc3 Rb4 47. f3 g5 48. h3 Ne5 49. Kf2 g4 50. hxg4 Nxg4+ 51. Ke2
Ne5 52. Rc7+ Kd8 53. Rc3 Ke7 54. Ke3 Nf7 55. Rc7+ Kf8 56. Nc5 e5 57. Rb7 Rxb7
58. Nxb7 Ke7 59. b4 Kd7 60. Ke4 Kc6 61. Nc5 Kb5 62. Nd3 Ng5+ 63. Kxe5 Nxf3+ 64.
Kf5 Nd4+ 65. Kg6 Kc4 66. Ne5+ Kxb4 67. Nf7 Kc5 68. Nxh6 Kd5 69. Kf6 Ke4 70. g4
Nf3 1/2-1/2

[Event "Open Plzen 2017"]
[Site "Plzen"]
[Date "2017.11.20"]
[Round "2"]
[White "Kejzlar, Lubos"]
[Black "Chudinovskikh, Alexander M"]
[Result "0-1"]
[WhiteElo "1946"]
[BlackElo "2219"]
[PlyCount "58"]
[EventDate "2017.11.19"]

1. e4 {[%emt 0:00:00]} e5 2. Nf3 Nc6 3. Bc4 Nf6 4. d3 Be7 5. O-O O-O 6. Bb3 d6
7. c3 Na5 8. Bc2 c5 9. a3 Nc6 10. h3 Re8 11. b4 a6 12. Nbd2 Bf8 13. Re1 h6 14.
Nb3 g6 15. Be3 b6 16. Qd2 Kh7 17. Rad1 Bb7 18. g4 Bg7 19. g5 hxg5 20. Bxg5 Qd7
21. Kg2 Rh8 22. Rh1 Kg8 23. Nc1 Re8 24. Ne2 d5 25. Ng3 Nh5 26. Bb3 Ne7 27. Bxe7
Nf4+ 28. Kf1 Rxe7 29. h4 Qg4 0-1

[Event "Open Plzen 2017"]
[Site "Plzen"]
[Date "2017.11.20"]
[Round "2"]
[White "Burnett, Andrew"]
[Black "Kalinowska, Zuzanna"]
[Result "1-0"]
[WhiteElo "2208"]
[BlackElo "1948"]
[PlyCount "101"]
[EventDate "2017.11.19"]

1. d4 Nf6 2. Nf3 e6 3. Bf4 c5 4. e3 b6 5. Nc3 cxd4 6. Nb5 d6 7. Qxd4 Nd5 8.
O-O-O a6 9. Nxd6+ Bxd6 10. Qxg7 Rf8 11. Bh6 Nd7 12. Qxh7 N7f6 13. Qd3 Rh8 14.
Bg5 Bb7 15. Qd4 Be7 16. a3 b5 17. e4 Nb6 18. Qc3 Nbd7 19. Rxd7 Qxd7 20. Bxf6
Bxf6 21. Qxf6 Rg8 22. Ne5 Qe7 23. Qxe7+ Kxe7 24. f3 Rg5 25. Nd3 Rh8 26. Kd2 e5
27. Ke3 Rgh5 28. h3 Kd6 29. b4 Bc8 30. g4 R5h7 31. Bg2 f6 32. Rd1 Kc6 33. f4
Rxh3+ 34. Bxh3 Rxh3+ 35. Kf2 exf4 36. Rg1 Kd6 37. g5 Rh2+ 38. Kf3 fxg5 39. Rxg5
Rxc2 40. Rd5+ Ke7 41. Rc5 Rd2 42. Nxf4 Bd7 43. Ke3 Ra2 44. Rc3 Ra1 45. Kd4 Rd1+
46. Ke5 Rg1 47. Nd5+ Kd8 48. Rf3 Rg5+ 49. Kd6 Rg8 50. e5 Re8 51. Nc7 1-0

[Event "Open Plzen 2017"]
[Site "Plzen"]
[Date "2017.11.20"]
[Round "2"]
[White "Moeckel, Jens"]
[Black "Eret, Jonas"]
[Result "0-1"]
[WhiteElo "1937"]
[BlackElo "2205"]
[PlyCount "92"]
[EventDate "2017.11.19"]

1. d4 {[%emt 0:00:00]} d6 {[%emt 0:00:00]} 2. Nf3 Nf6 3. g3 Nbd7 4. Bg2 e5 5.
dxe5 dxe5 6. O-O Be7 7. b3 c6 8. Bb2 Qc7 9. Nbd2 O-O 10. Nc4 e4 11. Ng5 b5 12.
Ne3 Nc5 13. c4 h6 14. Nh3 b4 15. Qc2 a5 16. a4 Bd7 17. Rad1 Rfe8 18. Kh1 Rad8
19. Ng1 h5 20. Bd4 Bf8 21. Qb2 Ng4 22. Nh3 Ne6 23. Nxg4 Nxd4 24. Ne3 Nf5 25.
Nf4 h4 26. Rxd7 Qxd7 27. Bh3 Qd4 28. Qxd4 Nxd4 29. gxh4 Nxb3 30. Rg1 Nd4 31.
Nh5 Kh8 32. Nf4 b3 33. c5 Bxc5 34. Nc4 Bb4 35. e3 Nf3 36. Rb1 Nxh4 37. Ne2 c5
38. Bf1 Re6 39. Rxb3 Rd1 40. Ng3 Rh6 41. Ne5 Rh5 42. Nxf7+ Kg8 43. h3 Kxf7 44.
Nxh5 Rxf1+ 45. Kh2 g5 46. Ng3 Nf3+ 0-1

[Event "Open Plzen 2017"]
[Site "Plzen"]
[Date "2017.11.20"]
[Round "2"]
[White "Barthel, Ansgar"]
[Black "Basson, Heinrich"]
[Result "1-0"]
[WhiteElo "2202"]
[BlackElo "1939"]
[PlyCount "55"]
[EventDate "2017.11.19"]

1. e4 {[%emt 0:00:00]} d5 2. exd5 Qxd5 3. Nc3 Qd6 4. d4 Nf6 5. Nf3 c6 6. g3 e6
7. Bg2 Qc7 8. O-O Bd6 9. Qe2 Nbd7 10. Re1 b6 11. Ne5 Bb7 12. Nc4 O-O 13. Nxd6
Qxd6 14. Bf4 Qe7 15. Nb5 Ne8 16. c4 Ndf6 17. Nc3 Qd7 18. Rad1 Ba6 19. b3 Nd5
20. Nxd5 cxd5 21. Qb2 Rc8 22. cxd5 exd5 23. Qa3 Bb5 24. Re7 Qg4 25. Rde1 a5 26.
Bxd5 Nf6 27. Bg2 Qf5 28. R7e5 1-0

[Event "Open Plzen 2017"]
[Site "Plzen"]
[Date "2017.11.20"]
[Round "2"]
[White "Hodan, Jiri"]
[Black "Wiley, Thomas"]
[Result "1-0"]
[WhiteElo "1917"]
[BlackElo "2117"]
[PlyCount "113"]
[EventDate "2017.11.19"]

1. d4 {[%emt 0:00:00]} Nf6 2. c4 e6 3. Nf3 b6 4. e3 Bb7 5. Be2 c5 6. O-O Be7 7.
Nc3 cxd4 8. Nxd4 a6 9. Bf3 Qc8 10. Bxb7 Qxb7 11. Qf3 Qxf3 12. Nxf3 Nc6 13. b3
Rg8 14. Rd1 g5 15. Bb2 Rb8 16. Rd2 b5 17. cxb5 axb5 18. a4 b4 19. Nb5 Ne4 20.
Rc2 Nc5 21. Nd2 f6 22. Bd4 Na6 23. Rac1 e5 24. Ba1 Kf7 25. Kf1 g4 26. f4 gxf3
27. Nxf3 Rg6 28. Rxc6 dxc6 29. Rxc6 Nc5 30. Bxe5 Rbg8 31. Bd6 Ne4 32. Bxe7 Rxg2
33. Nd6+ Nxd6 34. Bxd6 Rb2 35. Rc7+ Kg6 36. Bxb4 Rxb3 37. Bc5 Ra8 38. Ra7 Rxa7
39. Bxa7 Ra3 40. Kf2 Rxa4 41. Bd4 Ra2+ 42. Kg3 Re2 43. Kf4 Ra2 44. h3 Re2 45.
Nh4+ Kf7 46. Kf3 Rh2 47. Kg3 Rh1 48. Nf3 Rf1 49. Kf4 Rf2 50. h4 h5 51. Kg3 Rf1
52. Kg2 Rc1 53. Ng1 Kg6 54. Ne2 Rc2 55. Kf3 Kf5 56. Nf4 Rd2 57. e4# 1-0

[Event "Open Plzen 2017"]
[Site "Plzen"]
[Date "2017.11.20"]
[Round "2"]
[White "Csiki, Endre"]
[Black "Gurtovoi, Borys"]
[Result "1-0"]
[WhiteElo "2084"]
[BlackElo "1891"]
[PlyCount "69"]
[EventDate "2017.11.19"]

1. e4 {[%emt 0:00:00]} c6 2. d4 d6 3. Nc3 Qc7 4. f4 g6 5. Nf3 Bg4 6. Be2 Bg7 7.
Be3 Nd7 8. Qd2 Ngf6 9. h3 Bxf3 10. Bxf3 Nb6 11. b3 e6 12. O-O O-O 13. Rad1 d5
14. e5 Nfd7 15. Qf2 a6 16. Ne2 Rfc8 17. a4 a5 18. Nc3 Nb8 19. g4 Na6 20. Rc1 f5
21. Kh1 Kh8 22. Rg1 Rg8 23. Rg2 Bf8 24. Ne2 c5 25. gxf5 gxf5 26. Rxg8+ Kxg8 27.
Rg1+ Kh8 28. Ng3 Qf7 29. Nh5 Nd7 30. Qe2 Be7 31. Qb5 Rd8 32. Qxb7 Nb4 33. dxc5
Nxc2 34. c6 Nxe3 35. c7 1-0